| 000 | 02759nam a2200301 a 4500 | ||
|---|---|---|---|
| 001 | 991033409269706706 | ||
| 003 | ES-BaIT | ||
| 005 | 20241024125015.0 | ||
| 008 | 050627s1997 xxka || 001 ||eng|c | ||
| 020 | _a082231942X | ||
| 035 | _a(ES-BaCBU).b33508689 | ||
| 035 | _a(OCoLC)803438314 | ||
| 040 |
_aES-BaCBU _bcat _cES-BaCBU |
||
| 080 | _a793.2 | ||
| 080 | _a793.7 | ||
| 245 | 0 | 0 |
_aMeaning in motion : _bnew cultural studies of dance / _cJane C. Desmond, editor |
| 260 |
_aDurham [etc.] : _bDuke University Press, _ccop. 1997 |
||
| 300 |
_aVI, 398 p. : _bil.; _c24 cm |
||
| 504 | _aBibliografia. Índex | ||
| 520 | _a"Dance, whether considered as an art form or embodied social practice, as product or process, is a prime subject for cultural analysis. Yet only recently have studies of dance become concerned with the ideological, theoretical, and social meanings of dance practices, performances, and institutions. In Meaning in Motion, Jane C. Desmond brings together the work of critics who have ventured into the boundaries between dance and cultural studies, and thus maps a little-known and rarely explored critical site.Writing from a broad range of perspectives, contributors from disciplines as varied as art history and anthropology, dance history and political science, philosophy and women's studies chart the questions and challenges that mark this site. How does dance enact or rework social categories of identity? How do meanings change as dance styles cross borders of race, nationality, or class? How do we talk about materiality and motion, sensation and expressivity, kinesthetics and ideology? The authors engage these issues in a variety of contexts: from popular social dances to the experimentation of the avant-garde; from nineteenth-century ballet and contemporary Afro-Brazilian Carnival dance to hip hop, the dance hall, and film; from the nationalist politics of folk dances to the feminist philosophies of modern dance. Giving definition to a new field of study, Meaning in Motion broadens the scope of dance analysis and extends to cultural studies new ways of approaching matters of embodiment, identity, and representation.Contributors. Ann Cooper Albright, Evan Alderson, Norman Bryson, Cynthia Cohen Bull, Ann Daly, Brenda Dixon Gottschild, Susan Foster, Mark Franko, Marianne Goldberg, Amy Koritz, Susan Kozel, Susan Manning, Randy Martin, Angela McRobbie, Kate Ramsey, Anna Scott, Janet Wolff " -- Contracoberta | ||
| 650 | 0 | 7 |
_aDansa _xAspectes socials _956573 |
| 700 | 1 |
_aDesmond, Jane _eed. _9164840 |
|
| 830 |
_aPost-contemporary interventions _9164841 |
||
| 907 |
_a.b33508689 _b26-03-20 _c09-05-08 _d27-06-05 _em _fa _g- _heng _ixxk _j0 _k1 |
||
| 908 |
_aUAB _aCDMAE |
||
| 940 | _aCVA7 | ||
| 942 |
_2udc _c1 |
||
| 999 |
_c135669 _d135669 |
||